000 00325nam a22001457a 4500
020 _a81-7478-555-8
082 _a920
_bJES/V
100 _aJESUDASEN, YASMINE
245 _aVOICES OF FREEDOM MOVEMENT
250 _aFIRST
260 _aCHENNAI
_bSURA BOOKS
_c2004
300 _a83
650 _aBIOGRAPHY
_zCHENNAI
942 _cBK
999 _c6434
_d6434